Digital signal processing 2002 [Đĩa CD-ROM] /
সংরক্ষণ করুন:
| বিন্যাস: | সি ডি |
|---|---|
| প্রকাশিত: |
:
,
|
| ট্যাগগুলো: |
ট্যাগ যুক্ত করুন
কোনো ট্যাগ নেই, প্রথমজন হিসাবে ট্যাগ করুন!
|
| Thư viện lưu trữ: | Thư viện Trường Đại học Đà Lạt |
|---|
| LEADER | 00512nam a2200229 4500 | ||
|---|---|---|---|
| 001 | DLU040027152 | ||
| 005 | ##20040407 | ||
| 040 | # | # | |a DLU |b vie |
| 082 | # | # | |a 004.3 |b Dig |
| 245 | # | # | |a Digital signal processing |b 2002 [Đĩa CD-ROM] / |
| 256 | # | # | |a 4 3/4 in. |
| 260 | # | # | |a : |b , |
| 300 | # | # | |a 1 đĩa CD-ROM 4 3/4 in. |
| 992 | # | # | |a 300000 |
| 994 | # | # | |a DLU |
| 900 | # | # | |a True |
| 911 | # | # | |a Lê Nguyên Khang |
| 925 | # | # | |a CD |
| 926 | # | # | |a A |
| 927 | # | # | |a CD |
| 980 | # | # | |a Thư viện Trường Đại học Đà Lạt |